|
|
|
|
| LEADER |
04176nam a2200421Ka 4500 |
| 001 |
bslw06340090 |
| 003 |
UtOrBLW |
| 005 |
20101115152719.0 |
| 006 |
m d |
| 007 |
cr un||||||||| |
| 008 |
101115s2000 enk o 000 0 eng d |
| 020 |
|
|
|a 9781849500678 (electronic bk.) :
|c £90.95 ; €133.95 ; $161.95
|
| 040 |
|
|
|a UtOrBLW
|c UtOrBLW
|d GrThAP
|
| 043 |
|
|
|a n-us---
|
| 050 |
|
4 |
|a HD4901
|b .W67 2000
|
| 072 |
|
7 |
|a KCF
|2 bicssc
|
| 072 |
|
7 |
|a KCH
|2 bicssc
|
| 072 |
|
7 |
|a MED000000
|2 bisacsh
|
| 072 |
|
7 |
|a SCI034000
|2 bisacsh
|
| 080 |
|
|
|a 331.101.26
|
| 082 |
0 |
4 |
|a 331
|2 22
|
| 245 |
0 |
0 |
|a Worker well-being
|h [electronic resource].
|
| 260 |
|
|
|a Bingley, U.K. :
|b Emerald,
|c 2000.
|
| 300 |
|
|
|a 1 online resource (xvi, 431 p.).
|
| 490 |
1 |
|
|a Research in labor economics,
|x 0147-9121 ;
|v v. 19
|
| 505 |
0 |
|
|a Preface / Solomon W. Polachek -- Technology, unemployment, and inflation / Stephan Danninger, Jacob Mincer -- Motivation and labor market outcomes / Arthur H. Goldsmith, Jonathan R. Veum, William Darity -- Career hierarchy in dual-earner families / Anne E. Winkler, David C. Rose -- Job mobility in 1990s Britain : does gender matter? / Alison L. Booth, Marco Francesconi -- Measuring relative quality of life from a cross-migration regression, with an application to Canadian provinces / Stratford Douglas, Howard J. Wall -- Employer provided pension data in the NLS mature women's survey and in the health and retirement study / Alan L. Gustman, Thomas L. Steinmeier -- A test of Lazear's mandatory retirement model / Steven Stern, Petra Todd -- Do public works programs work in Eastern Germany? / Florian Kraus, Patrick A. Puhani, Viktor Steiner -- The incidence of overschooling and underschooling and its effect on earnings in the United States and Hong Kong / Elchanan Cohn, Eric Johnson, Ying Chu Ng -- The labor-supply effects of universal health coverage : what can we learn from individuals with spousal coverage? / Alison J. Wellington, Deborah A. Cobb-Clark -- Dimensions of the wage-unemployment relationship in the nordic countries : wage flexibility without wage curves / Karsten Albæk, Rita Asplund, Erling Barth, Stig Blomskog, Björn Rúnar Guômundsson, Vifill Karlsson, Erik Strøjer Madsen -- The extent and consequences of downward nominal wage rigidity / Joseph G. Altonji, Paul J. Devereux -- Do higher returns to college education encourage college enrollments? An analysis by race / Susan L. Averett, Michele C. Mclennan, Megan Young -- Do compulsory school attendance laws alone explain the association between quarter of birth and earnings? / John Bound, David A. Jaeger.
|
| 520 |
|
|
|a How do technology, public works projects, mental health, race, gender, mobility, retirement benefits, and macroeconomic policies affect worker well-being? This volume contains fourteen original chapters utilizing the latest econometric techniques to answer this question. The findings include the following: technology gains explain over half the decline in U.S. unemployment and over two-thirds the reduction in U.S. inflation; universal health coverage would reduce U.S. labor force participation by 3.3 per cent; blacks respond to regional rather than national changes in schooling rates of return, perhaps implying a more local labor market for blacks than whites; employee motivation enhances labor force participation, on-the-job training, job satisfaction and earnings; male and female promotion and quit rates are comparable once one controls for individual and job characteristics; public works programs designed to increase a worker's skills do not always increase reemployment; and, U.S. pension wealth increased about 20 per cent - 25 per cent over the last two decades.
|
| 650 |
|
7 |
|a Medical
|x General.
|2 bisacsh
|
| 650 |
|
7 |
|a Science
|x History.
|2 bisacsh
|
| 650 |
|
7 |
|a Labour economics.
|2 bicssc
|
| 650 |
|
7 |
|a Econometrics.
|2 bicssc
|
| 650 |
|
0 |
|a Labor economics.
|
| 650 |
|
0 |
|a Labor supply
|z United States.
|
| 700 |
1 |
|
|a Polachek, S. W.
|
| 776 |
1 |
|
|z 9780762306930
|
| 830 |
|
0 |
|a Research in labor economics ;
|v v. 19.
|
| 856 |
4 |
0 |
|u http://www.emeraldinsight.com/0147-9121/19
|z Full Text via HEAL-Link
|
| 913 |
|
|
|1 BMEbacklist
|